000 00701nam a2200229Ia 4500
003 OSt
005 20241108152708.0
008 210716s2004 xx 000 0 und d
020 _a8176494941
040 _cAIMIT LIBRARY
041 _aeng
082 _a651.7
_21
_bBENT
100 _aBentley, T J.
_9184637
245 _aReport writing in business :
_beffective communication of information /
_cBy T J Bentley.
250 _a1st
260 _aNew Delhi :
_bViva Books ,
_c2004.
300 _axv,114p. ;
_bPB
_c22.4 cm
650 _aCommunicating effectively
_9184638
650 _aWriting report
_9184639
650 _aPresenting facts and opinions
_9184640
942 _2ddc
_cBK
_e1st
_k651.7 BENT
999 _c202104
_d202104